| 000 | 00804nam a2200217 u 4500 | ||
|---|---|---|---|
| 005 | 20210223131256.0 | ||
| 008 | 100507s2009 mx r 000 0 spa d | ||
| 020 | _a9786075000411 | ||
| 035 | _aUPN01000175681 | ||
| 049 | _aCG | ||
| 050 | 4 |
_aTA149 _bV3.3 |
|
| 100 | 1 |
_aVanCleave, Janice Pratt, _d1942- _930251 |
|
| 245 | 1 | 0 |
_aIngeniería para niños y jovenes : _bactividades superdivertidas para el aprendizaje de la ciencia / _cJanice VanCleave ; tr. Laura Ticó Apreza. |
| 260 |
_aMéxico : _bLimusa, _cc2009. |
||
| 300 |
_a203 p. : _bil. |
||
| 440 | 0 | _aBiblioteca científica para niños y jóvenes | |
| 534 |
_pTítulo original: _tEngineering for every kid |
||
| 650 | 4 |
_aINGENIERIA - _vLITERATURA JUVENIL _912863 |
|
| 650 | 4 |
_aPROYECTOS CIENTIFICOS - _vLITERATURA JUVENIL _913776 |
|
| 905 | _aLibro | ||
| 999 |
_c147784 _d147784 |
||